Znaki rozpoznawcze Włoch - Statystyki

Ogólne statystyki
  • Ten quiz został rozwiązany 3 531 razy
  • Średni wynik to 11 z 18
Statystyki odpowiedzi
Obrazkowy Hint Odpowiedź % Poprawnych
Pizza
99%
(budowla) Koloseum
98%
(budowla) Krzywa Wieża w Pizie
97%
Makaron
92%
(producent samochodów) Ferrari
88%
(łańcuch górski) Alpy
86%
(miasto) Wenecja
85%
(artysta i wynalazca) Leonardo da Vinci
76%
(wulkan) Wezuwiusz
68%
(model samochodu) Fiat {500}
50%
(budowla) Panteon
48%
(miasto) Turyn
43%
(włoski wynalazek) Espresso
35%
(piosenkarz) Luciano Pavarotti
33%
(marka skutera) Vespa
33%
(największe jezioro) Lago di Garda
31%
(aktorka) Sophia Loren
21%
(kościół) Bazylika świętego Marka
14%
Nie znaleziono quizów pasujących do podanych kryteriów
Rozkład punktacji
Procent ludzi z każdym wynikiem
Percentyl według liczby udzielonych odpowiedzi
Twoja historia wyników
Nie rozwiązałeś tego quizu